Administración (Registro nro. 2251)
[ vista simple ]
| 000 -LEADER | |
|---|---|
| fixed length control field | 01387 a2200277 4500 |
| 001 - CONTROL NUMBER | |
| control field | 32097 |
| 005 - DATE AND TIME OF LATEST TRANSACTION | |
| control field | 20260407155622.0 |
| 008 - FIXED-LENGTH DATA ELEMENTS--GENERAL INFORMATION | |
| fixed length control field | 260407a1989 arg spa d |
| 003 - CONTROL NUMBER IDENTIFIER | |
| control field | AR-UNSa-BCEJYS |
| 040 ## - CATALOGING SOURCE | |
| Original cataloging agency | AR-UNSa-BCEJYS |
| Language of cataloging | spa |
| Transcribing agency | AR-UNSa-BCEJYS |
| 080 ## - UNIVERSAL DECIMAL CLASSIFICATION NUMBER | |
| Universal Decimal Classification number | 658 |
| Common auxiliary subdivision | Administración de empresas. Organización comercial |
| 020 ## - INTERNATIONAL STANDARD BOOK NUMBER | |
| International Standard Book Number | 968-422-278-5 |
| 041 ## - LANGUAGE CODE | |
| Language code of text/sound track or separate title | spa |
| 100 1# - MAIN ENTRY--PERSONAL NAME | |
| Personal name | Hampton, David R. |
| 245 10 - TITLE STATEMENT | |
| Title | Administración |
| 250 ## - EDITION STATEMENT | |
| Edition statement | 2a. ed |
| 264 #1 - PRODUCTION, PUBLICATION, DISTRIBUTION, MANUFACTURE, AND COPYRIGHT NOTICE | |
| Place of production, publication, distribution, manufacture | México : |
| Name of producer, publisher, distributor, manufacturer | McGraw-Hill |
| Date of production, publication, distribution, manufacture, or copyright notice | 1989 |
| 300 ## - PHYSICAL DESCRIPTION | |
| Extent | 791 p. |
| Dimensions | 23 cm. |
| 505 ## - FORMATTED CONTENTS NOTE | |
| Formatted contents note | 1. Admimnistradores y administración - 2. Enfoque de la administración - 3. Organizaciones, ambientes y responsabilidad social - 4. Misión y objetivos - 5. Estrategia y política - 6. Toma de decisiones - 7. Teoría y diseño de la organización - 8. Estructuras de la organización - 9. Coordinación - 10. Grupos en las organizaciones - 11. Motivación - 12. Liderazgo - 13. Comunicación - 14. Conflicto, cambio y desarrollo - 15. Administración de recursos humanos - 16. Controles - 17. Producción y administración de las operciones - 18. Control financiero y sistemas de información gerencial. |
| 590 ## - LOCAL NOTE (RLIN) | |
| Local note | niveau_biblio:m niveau_hierar:0 |
| 700 1# - ADDED ENTRY--PERSONAL NAME | |
| Personal name | Malfavón Martínez, Marco Antonio |
| 700 1# - ADDED ENTRY--PERSONAL NAME | |
| Personal name | Rosas Sánchez, Maria Elena |
| 700 1# - ADDED ENTRY--PERSONAL NAME | |
| Personal name | Cabrera Mir, Luis Fernando |
| 700 1# - ADDED ENTRY--PERSONAL NAME | |
| Personal name | Delgado Torres, Isaura |
| 942 ## - ADDED ENTRY ELEMENTS (KOHA) | |
| Koha item type | |
| Withdrawn status | Lost status | Damaged status | Not for loan | Home library | Current library | Shelving location | Date acquired | Total checkouts | Full call number | Barcode | Date last seen | Price effective from | Koha item type |
|---|---|---|---|---|---|---|---|---|---|---|---|---|---|
| Biblioteca Prof. Eusebio Cleto del Rey | Biblioteca Prof. Eusebio Cleto del Rey | 07/04/2026 | 658 H232 2ed. | L58757 | 07/04/2026 | 07/04/2026 | Libro | ||||||
| Biblioteca Prof. Eusebio Cleto del Rey | Biblioteca Prof. Eusebio Cleto del Rey | 07/04/2026 | 658 H232 2ed. | L58758 | 07/04/2026 | 07/04/2026 | Libro |